Svet skratiek a značiek /

Na minha lista:
Detalhes bibliográficos
Autor principal: Tušer, Andrej (Author)
Formato: Livro
Idioma:eslovaco
Publicado em: Bratislava : SOFA, 1995
Edição:1.vyd.
Assuntos:
Tags: Adicionar Tag
Sem tags, seja o primeiro a adicionar uma tag!

MARC

LEADER 00000nam a22000003a 4500
001 stu8018
005 20150617225806.2
008 950926s1995----xo------------------slo-d
020 |a 80-85752-19-0 
040 |a STU  |b slo 
041 0 |a slo 
044 |a xo 
080 |a 801.18 
100 1 |a Tušer, Andrej  |4 aut 
245 1 |a Svet skratiek a značiek /  |c [aut.] Tušer,Andrej 
250 |a 1.vyd. 
260 |a Bratislava :  |b SOFA,  |c 1995 
300 |a 174 s 
650 7 |a skratky  |2 stusub 
650 7 |a značky  |2 stusub 
650 7 |a slovníky  |2 stusub 
996 |b 284EK08590  |c E*80111  |l EE01  |s A  |a 24  |w stu8018_0001